Central Library OPAC University of Rajshahi

An anatomy of kinship : (Record no. 34691)

MARC details
000 -LEADER
fixed length control field 00911nam a22002771 4500
001 - CONTROL NUMBER
control field 34691
003 - CONTROL NUMBER IDENTIFIER
rucl marc code BD-RjUL
005 - DATE AND TIME OF LATEST TRANSACTION
control field 20211209052210.0
008 - FIXED-LENGTH DATA ELEMENTS--GENERAL INFORMATION
fixed length control field 140518s1963 njua b 001 0 eng
035 ## - SYSTEM CONTROL NUMBER
System control number (BD-RjUL)34785
System control number (OCoLC)340157
040 ## - CATALOGING SOURCE
Original cataloging agency DLC
Transcribing agency GACCLC
Modifying agency OCoLC
-- Uk
-- DLC
-- BD-RjUL
Language of cataloging eng
041 ## - LANGUAGE CODE
Language code of text/sound track or separate title eng
082 ## - DEWEY DECIMAL CLASSIFICATION NUMBER
Classification number 301.442
Author mark and year WHA 1963
100 1# - MAIN ENTRY--PERSONAL NAME
Personal name White, Harrison C.
9 (RLIN) 105550
245 13 - TITLE STATEMENT
Title An anatomy of kinship :
Remainder of title mathematical models for structures of cumulated roles /
Statement of responsibility, etc. Harrison C. White
260 ## - PUBLICATION, DISTRIBUTION, ETC. (IMPRINT)
Place of publication, distribution, etc. Englewood Cliffs, N.J. :
Name of publisher, distributor, etc. Prentice-Hall,
Date of publication, distribution, etc. 1963.
300 ## - PHYSICAL DESCRIPTION
Pagination 180 p. :
Illustrations ill. ;
Size 24 cm.
490 0# - SERIES STATEMENT
Series statement Prentice-Hall series in mathematical analysis of social behavior
504 ## - BIBLIOGRAPHY, ETC. NOTE
Bibliography, etc Includes bibliography and index.
650 #0 - SUBJECT ADDED ENTRY--TOPICAL TERM
Topical term or geographic name as entry element Kinship.
9 (RLIN) 105551
Topical term or geographic name as entry element Sociology
General subdivision Mathematical models.
9 (RLIN) 92657
942 ## - ADDED ENTRY ELEMENTS (KOHA)
Source of classification or shelving scheme Dewey Decimal Classification
Koha item type Documents
Holdings
Lost status Source of classification or shelving scheme Damaged status Not for loan Collection code Permanent Location Current Location Shelving location Date acquired Source of acquisition Cost, normal purchase price Total Checkouts Full call number Date last seen Copy number Koha item type
  Dewey Decimal Classification   Not For Loan Non-fiction Central Library, University of Rajshahi Central Library, University of Rajshahi Reading Room 07/02/1955 S.M. Miraza 4.10   301.442 WHA 1963 18/05/2014 C-1 Documents
  Dewey Decimal Classification   Not For Loan Non-fiction Central Library, University of Rajshahi Central Library, University of Rajshahi Reading Room 18/05/2014       301.442 WHA 1963 18/05/2014 C-3 Documents
  Dewey Decimal Classification   Not For Loan Non-fiction Central Library, University of Rajshahi Central Library, University of Rajshahi Reading Room     76.00   301.442 WHA 1963 18/05/2014 C-2 Documents
  Dewey Decimal Classification     Non-fiction Central Library, University of Rajshahi Central Library, University of Rajshahi   18/05/2014       301.442 WHA 1963 18/05/2014 C-5 Documents
  Dewey Decimal Classification     Non-fiction Central Library, University of Rajshahi Central Library, University of Rajshahi   18/05/2014       301.442 WHA 1963 18/05/2014 C-4 Documents